Театрализация политики; Актуальные проблемы гуманитарных наук

Detalhes bibliográficos
Parent link:Актуальные проблемы гуманитарных наук.— 2011.— [С. 25-27]
Autor principal: Липатова А. В.
Outros Autores: Дунаева Н. В.
Resumo:Заглавие с титульного листа
Idioma:russo
Publicado em: 2011
Colecção:Связи с общественностью и реклама
Assuntos:
Acesso em linha:http://www.lib.tpu.ru/fulltext/c/2011/C20/011.pdf
Formato: MixedMaterials Recurso Electrónico Capítulo de Livro
KOHA link:https://koha.lib.tpu.ru/cgi-bin/koha/opac-detail.pl?biblionumber=236223

MARC

LEADER 00000naa2a2200000 4500
001 236223
005 20260105164740.0
035 |a (RuTPU)RU\TPU\book\257372 
035 |a RU\TPU\book\257371 
090 |a 236223 
100 |a 20130419d2011 k y0rusy50 ca 
101 0 |a rus 
102 |a RU 
135 |a drnn ---uucaa 
181 0 |a i  
182 0 |a b 
200 1 |a Театрализация политики  |f А. В. Липатова, Н. В. Дунаева 
203 |a Текст  |c электронный 
215 |a 1 файл (221 Кб) 
225 1 |a Связи с общественностью и реклама 
300 |a Заглавие с титульного листа 
320 |a [Библиогр.: с. 27 (6 назв.)] 
337 |a Adobe Reader 
463 1 |0 (RuTPU)RU\TPU\book\256720  |t Актуальные проблемы гуманитарных наук  |o сборник научных трудов студентов, аспирантов и молодых ученых 21-22 апреля 2011 г., Томск  |f Национальный исследовательский Томский политехнический университет (ТПУ)   |v [С. 25-27]  |d 2011 
610 1 |a труды учёных ТПУ 
610 1 |a электронный ресурс 
610 1 |a политика 
610 1 |a СМИ 
610 1 |a театрализация 
610 1 |a политический консалтинг 
610 1 |a политический пиар 
700 1 |a Липатова  |b А. В. 
701 1 |a Дунаева  |b Н. В. 
801 2 |a RU  |b 63413507  |c 20130419  |g RCR 
856 4 |u http://www.lib.tpu.ru/fulltext/c/2011/C20/011.pdf 
942 |c CF